[Event "SV Empor Berlin-Hamburger SK"]
[Site "?"]
[Date "2020.09.11"]
[Round "4.1"]
[White "Kotyk, Michael"]
[Black "Breitzmann, Sander"]
[Result "1-0"]
[WhiteElo "1993"]
[BlackElo "1888"]
[PlyCount "75"]
[EventDate "2020.??.??"]
[WhiteTeam "Hamburger SK"]
[BlackTeam "SV Empor Berlin"]

1. Nf3 Nf6 2. b3 g6 3. Bb2 Bg7 4. g3 O-O 5. Bg2 c5 6. c4 Nc6 7. O-O d6 8. d4 e6
9. Nc3 Qe7 10. e4 e5 11. dxc5 dxc5 12. Nd5 Nxd5 13. cxd5 Nd4 14. Nxd4 cxd4 15.
a4 b5 16. f4 f6 17. Qd3 b4 18. a5 Qd6 19. a6 Bd7 20. Rfc1 Rab8 21. Bf1 Bh6 22.
Bxd4 exd4 23. Qxd4 g5 24. Qxa7 gxf4 25. Rc7 Rfd8 26. Ra2 f3 27. Rcc2 Qb6+ 28.
Qxb6 Rxb6 29. Kf2 f5 30. e5 Bb5 31. Bxb5 Rxb5 32. a7 Ra8 33. d6 Rd5 34. Rc7 Bf8
35. Rb7 Rxe5 36. Rb8 Rxa7 37. Rxa7 Rd5 38. Raa8 1-0

[Event "SV Empor Berlin-Hamburger SK"]
[Site "?"]
[Date "2020.09.11"]
[Round "4.2"]
[White "Mankel, Luca"]
[Black "Klaas, Heiko"]
[Result "1-0"]
[WhiteElo "1926"]
[BlackElo "1950"]
[PlyCount "47"]
[EventDate "2020.??.??"]
[WhiteTeam "SV Empor Berlin"]
[BlackTeam "Hamburger SK"]

1. e4 e5 2. Nf3 Nc6 3. Bc4 Bc5 4. d3 Nf6 5. Nc3 h6 6. h3 O-O 7. g4 Be7 8. Rg1
d6 9. g5 hxg5 10. Nxg5 Nd4 11. Nd5 Ne6 12. Nxf6+ Bxf6 13. Bxe6 fxe6 14. Qh5
Bxg5 15. Bxg5 Qe8 16. Qh4 Rf7 17. O-O-O a5 18. Rg4 b5 19. Rdg1 c5 20. Bh6 Raa7
21. Qh5 Kf8 22. Rxg7 Rxg7 23. Bxg7+ Ke7 24. Bf6+ 1-0

[Event "SV Empor Berlin-Hamburger SK"]
[Site "?"]
[Date "2020.09.11"]
[Round "4.3"]
[White "Mandelkow, Elias"]
[Black "Ellert, Oliver"]
[Result "1-0"]
[WhiteElo "1845"]
[BlackElo "1764"]
[PlyCount "120"]
[EventDate "2020.??.??"]
[WhiteTeam "Hamburger SK"]
[BlackTeam "SV Empor Berlin"]

1. d4 Nf6 2. c4 e6 3. Nf3 b6 4. Nc3 Bb4 5. Qc2 c5 6. Bg5 Bb7 7. e3 h6 8. Bh4
Nc6 9. Bd3 g5 10. Bg3 g4 11. Ne5 cxd4 12. Nxc6 Bxc6 13. exd4 Bxg2 14. Rg1 Bb7
15. O-O-O Bxc3 16. Qxc3 b5 17. c5 a6 18. Bd6 h5 19. Rde1 Nd5 20. Qd2 Rg8 21.
Re5 Qh4 22. Be4 O-O-O 23. Bxd5 Rde8 24. Qa5 Qd8 25. Bxb7+ Kxb7 26. Qxd8 Rxd8
27. Rxh5 f5 28. Kd2 Kc6 29. Kd3 Kd5 30. Rg3 Rh8 31. Rxh8 Rxh8 32. Re3 Kc6 33.
f3 gxf3 34. Rxf3 Kb7 35. d5 exd5 36. Rxf5 Kc6 37. Rf8 Rh3+ 38. Kd4 Rh4+ 39. Bf4
b4 40. Rf6+ Kb7 41. Rb6+ Ka7 42. Rf6 Kb7 43. Kxd5 a5 44. Kd6 Rh7 45. Rf8 Ka6
46. Rd8 Rh4 47. Be5 Kb5 48. Rxd7 a4 49. Re7 Rc4 50. Rb7+ Ka6 51. Rb6+ Ka5 52.
Kd5 Rc2 53. a3 bxa3 54. b4+ axb3 55. Rxb3 a2 56. c6 Rd2+ 57. Ke6 Re2 58. Ra3+
Kb6 59. Kd7 Rd2+ 60. Bd6 Rc2 1-0

[Event "SV Empor Berlin-Hamburger SK"]
[Site "?"]
[Date "2020.09.11"]
[Round "4.4"]
[White "Fricke, Janek Konrad"]
[Black "Reyes-Mantilla, Andrés Mauricio"]
[Result "1-0"]
[WhiteElo "1596"]
[BlackElo "1461"]
[PlyCount "113"]
[EventDate "2020.??.??"]
[WhiteTeam "SV Empor Berlin"]
[BlackTeam "Hamburger SK"]

1. e4 c5 2. d4 cxd4 3. c3 dxc3 4. Nxc3 e6 5. Bc4 a6 6. Nf3 Nc6 7. O-O d6 8. Qe2
Be7 9. Bf4 e5 10. Bg3 Nf6 11. Rfd1 Bg4 12. Qe3 Qc7 13. Rac1 Qa5 14. Bh4 Bxf3
15. Qxf3 Nd4 16. Qg3 O-O 17. Re1 Rac8 18. Bxf6 Bxf6 19. Bd5 b5 20. Rcd1 b4 21.
Ne2 Rc2 22. Nxd4 exd4 23. Qxd6 Rd8 24. Qf4 Qc5 25. Rc1 d3 26. Red1 Rc8 27. Rb1
Rc7 28. Rxd3 Bxb2 29. Rbd1 Be5 30. Qf5 g6 31. Qf3 Kg7 32. Bb3 Rc1 33. Rd5 Rxd1+
34. Qxd1 Qc3 35. Qe2 Bd4 36. g3 Qa1+ 37. Kg2 Rc1 38. Qd3 Rg1+ 39. Kf3 Bf6 40.
Rd7 Kh6 41. h4 Qc3 42. Bxf7 Rc1 43. Bg8 Bg7 44. Qe3+ Qxe3+ 45. Kxe3 Rc5 46. Kf4
Be5+ 47. Kg4 Rc7 48. Rd5 Re7 49. f4 Bc3 50. e5 Kg7 51. Rd8 Bxe5 52. fxe5 Rxe5
53. Bb3 a5 54. Rd5 Re8 55. Rxa5 Re4+ 56. Kf3 Rd4 57. Rd5 1-0

[Event "Schvgg Blankenese-1. SC Anhalt"]
[Site "?"]
[Date "2020.09.11"]
[Round "4.1"]
[White "Fathke, Luke"]
[Black "von Rosen, Jakob"]
[Result "0-1"]
[WhiteElo "1643"]
[BlackElo "1827"]
[PlyCount "66"]
[EventDate "2020.??.??"]
[WhiteTeam "1. SC Anhalt"]
[BlackTeam "Schvgg Blankenese"]

1. e4 c5 2. c4 Nc6 3. Nf3 Nf6 4. Nc3 g6 5. d4 cxd4 6. Nxd4 d6 7. Be3 Bg7 8. Be2
O-O 9. O-O Bd7 10. Qd2 Rc8 11. Rac1 Ng4 12. Nxc6 bxc6 13. Bxg4 Bxg4 14. Bh6 Be6
15. Bxg7 Kxg7 16. b3 Qa5 17. Qe3 Rfd8 18. h3 Rc7 19. Rfd1 Rcd7 20. Rc2 Qb6 21.
Qe2 f6 22. Na4 Qa5 23. Nc3 Kf7 24. Rd3 h5 25. Rcd2 Qg5 26. Rg3 Qe5 27. Re3 h4
28. Kh1 Rh8 29. Qf1 g5 30. Ne2 Rdd8 31. Nd4 Bd7 32. Ne2 Rdg8 33. f4 Qa5 0-1

[Event "Schvgg Blankenese-1. SC Anhalt"]
[Site "?"]
[Date "2020.09.11"]
[Round "4.2"]
[White "Burgtorf, Benjamin"]
[Black "Schröter, Christopher"]
[Result "1/2-1/2"]
[WhiteElo "1821"]
[BlackElo "1641"]
[PlyCount "111"]
[EventDate "2020.??.??"]
[WhiteTeam "Schvgg Blankenese"]
[BlackTeam "1. SC Anhalt"]

1. d4 d5 2. c4 e6 3. Nc3 Nf6 4. cxd5 exd5 5. Bg5 Nbd7 6. e3 c6 7. Bd3 Be7 8.
Nge2 h6 9. Bh4 Qb6 10. Qc2 Bd6 11. O-O O-O 12. Bg3 Bxg3 13. Nxg3 Qd8 14. Nf5
Nb6 15. b3 Bxf5 16. Bxf5 Re8 17. Rae1 Nc8 18. f3 Nd6 19. Bd3 Re7 20. Qf2 Qa5
21. Na4 Rae8 22. g4 Nb5 23. h4 Nxd4 24. g5 hxg5 25. hxg5 Nh7 26. Bxh7+ Kxh7 27.
Qh4+ Kg8 28. Qxd4 Qc7 29. Kg2 Re5 30. f4 Re4 31. Qd2 Qc8 32. Kg3 f6 33. Nc5
R4e7 34. gxf6 gxf6 35. Rg1 Rh7 36. Kf3+ Kf7 37. Rg3 Qf5 38. Reg1 b6 39. Nd3
Qe4+ 40. Kf2 d4 41. R1g2 c5 42. Qc2 dxe3+ 43. Ke2 Re6 44. Qc1 Qd5 45. Qg1 Qh5+
46. Ke1 Qf5 47. Rg7+ Kf8 48. Rg8+ Ke7 49. R2g7+ Kd6 50. Rd8+ Kc6 51. Qg2+ Re4
52. Nb2 Rxg7 53. Qxg7 Rxf4 54. Qg2+ Kc7 55. Rd1 e2 56. Qg7+ 1/2-1/2

[Event "Schvgg Blankenese-1. SC Anhalt"]
[Site "?"]
[Date "2020.09.11"]
[Round "4.3"]
[White "Böhm, Florian"]
[Black "Sell, Eero"]
[Result "1-0"]
[WhiteElo "1627"]
[BlackElo "1744"]
[PlyCount "61"]
[EventDate "2020.??.??"]
[WhiteTeam "1. SC Anhalt"]
[BlackTeam "Schvgg Blankenese"]

1. e4 e5 2. Nf3 Nc6 3. Bc4 Bc5 4. c3 Nf6 5. d4 exd4 6. cxd4 Bb4+ 7. Nc3 Nxe4 8.
O-O Bxc3 9. bxc3 d5 10. Re1 O-O 11. Bd3 Nf6 12. Bg5 Be6 13. Rb1 b6 14. Ne5 Nb8
15. Bb5 Bf5 16. Bd3 Bxd3 17. Qxd3 Qd6 18. Bxf6 Qxf6 19. Re3 Qd6 20. Rh3 g6 21.
Qe3 f6 22. Qh6 Qe7 23. Nxg6 hxg6 24. Qh8+ Kf7 25. Rh7+ Ke8 26. Rxe7+ Kxe7 27.
Re1+ Kd7 28. Qxf8 Kc6 29. Qxf6+ Kb7 30. Re8 a5 31. Qd8 1-0

[Event "Schvgg Blankenese-1. SC Anhalt"]
[Site "?"]
[Date "2020.09.11"]
[Round "4.4"]
[White "Tao, Alexander"]
[Black "Kopvillem, Mikhail"]
[Result "1-0"]
[WhiteElo "1587"]
[BlackElo "1516"]
[PlyCount "65"]
[EventDate "2020.??.??"]
[WhiteTeam "Schvgg Blankenese"]
[BlackTeam "1. SC Anhalt"]

1. e4 a6 2. Nf3 b5 3. d3 Bb7 4. Be2 e6 5. Be3 Nf6 6. c3 Be7 7. O-O O-O 8. h3 c5
9. Nbd2 Nc6 10. Nh2 d5 11. f4 dxe4 12. dxe4 Qc7 13. Qe1 Rfd8 14. Qf2 Rd7 15.
Bf3 Rad8 16. g4 Na5 17. g5 Ne8 18. Bg4 Nd6 19. f5 exf5 20. exf5 f6 21. h4 Nac4
22. Nxc4 Nxc4 23. Bf4 Ne5 24. Qe2 Qc6 25. Bf3 Nxf3+ 26. Nxf3 c4 27. Rae1 Bc5+
28. Kh2 Qd5 29. Qe6+ Qxe6 30. Rxe6 Re7 31. Rxe7 Bxe7 32. Nd4 Be4 33. Re1 1-0

[Event "Greifswalder SV-Delmenhorster SK"]
[Site "?"]
[Date "2020.09.11"]
[Round "4.1"]
[White "Pahl, Erik"]
[Black "Fromm, Marius"]
[Result "1/2-1/2"]
[WhiteElo "2097"]
[BlackElo "2181"]
[PlyCount "125"]
[EventDate "2020.??.??"]
[WhiteTeam "Delmenhorster SK"]
[BlackTeam "Greifswalder SV"]

1. e4 e5 2. Nf3 Nc6 3. Bb5 a6 4. Ba4 Nf6 5. O-O Be7 6. Re1 b5 7. Bb3 O-O 8. h3
Bb7 9. d3 d6 10. a3 Qd7 11. Nc3 Rfe8 12. Ne2 Nd8 13. Ng3 Ne6 14. c3 c5 15. d4
cxd4 16. cxd4 exd4 17. Nxd4 Nxd4 18. Qxd4 Qc6 19. Bf4 Qc5 20. Qd3 Nd7 21. Rac1
Ne5 22. Bxe5 Qxe5 23. Rc7 Bc8 24. Bd5 Rb8 25. f4 Qf6 26. Nf5 Be6 27. Bc6 Bd8
28. Bxe8 Bxc7 29. Bc6 g6 30. Ne3 Qxf4 31. Nd5 Bb6+ 32. Kh1 Qe5 33. Rf1 Qxb2 34.
Nf6+ Kg7 35. Qxd6 Rd8 36. Ne8+ Kg8 37. Qf4 Bd4 38. Qh4 Rc8 39. Nd6 Bf6 40. Rxf6
Qa1+ 41. Kh2 Qe5+ 42. Qg3 Qxg3+ 43. Kxg3 Rxc6 44. Nb7 Kf8 45. Rf3 Ke7 46. Rd3
Rc7 47. Na5 Rc2 48. Nb3 Bxb3 49. Rxb3 Rc4 50. Kf3 Ke6 51. Rd3 a5 52. Rd5 b4 53.
Rxa5 Rc3+ 54. Kf4 bxa3 55. Ra6+ Kd7 56. Ra7+ Kc6 57. Rxf7 a2 58. Ra7 Rc2 59. g4
Kb6 60. Ra8 g5+ 61. Ke3 Kc5 62. e5 Kd5 63. Ra5+ 1/2-1/2

[Event "Greifswalder SV-Delmenhorster SK"]
[Site "?"]
[Date "2020.09.11"]
[Round "4.2"]
[White "Kallweit, Paul"]
[Black "Pahl, Theis"]
[Result "1/2-1/2"]
[WhiteElo "1965"]
[BlackElo "2012"]
[PlyCount "42"]
[EventDate "2020.??.??"]
[WhiteTeam "Greifswalder SV"]
[BlackTeam "Delmenhorster SK"]

1. Nf3 c5 2. c4 g6 3. e4 Bg7 4. d4 cxd4 5. Nxd4 Nc6 6. Be3 Nf6 7. Nc3 Ng4 8.
Qxg4 Nxd4 9. Qd1 Ne6 10. Qd2 Qa5 11. Rc1 b6 12. b3 Bb7 13. f3 g5 14. Nd5 Qxd2+
15. Kxd2 Rc8 16. Be2 Bd4 17. Bxd4 Nxd4 18. Ne3 Rg8 19. h4 h6 20. hxg5 hxg5 21.
Rh7 d6 1/2-1/2

[Event "Greifswalder SV-Delmenhorster SK"]
[Site "?"]
[Date "2020.09.11"]
[Round "4.3"]
[White "Alhamid, Mohamad"]
[Black "Khanbekyan, Areg"]
[Result "1/2-1/2"]
[WhiteElo "1796"]
[BlackElo "1749"]
[PlyCount "30"]
[EventDate "2020.??.??"]
[WhiteTeam "Delmenhorster SK"]
[BlackTeam "Greifswalder SV"]

1. e4 c5 2. Nf3 Nc6 3. d4 cxd4 4. Nxd4 g6 5. c4 Nf6 6. Nc3 d6 7. Be3 Ng4 8. Bg5
Qb6 9. Be3 Qxb2 10. Nd5 Bg7 11. Rb1 Qxa2 12. Ra1 Qb2 13. Rb1 Nxe3 14. fxe3 Qa3
15. Ra1 Qb2 1/2-1/2

[Event "Greifswalder SV-Delmenhorster SK"]
[Site "?"]
[Date "2020.09.11"]
[Round "4.4"]
[White "Khanbekyan, Aram"]
[Black "Wander, Dennis"]
[Result "0-1"]
[WhiteElo "877"]
[BlackElo "1529"]
[PlyCount "52"]
[EventDate "2020.??.??"]
[WhiteTeam "Greifswalder SV"]
[BlackTeam "Delmenhorster SK"]

1. e4 e5 2. Nf3 Nc6 3. Bb5 Bc5 4. Nxe5 Bxf2+ 5. Kxf2 Nxe5 6. Qh5 Qf6+ 7. Ke1
Ne7 8. b3 Nd3+ 9. Bxd3 Qxa1 10. Qg5 Qxb1 11. Qxg7 Rg8 12. Ke2 Rxg7 13. g3 Qxa2
14. Rg1 Nc6 15. h4 Nb4 16. h5 Nxc2 17. h6 Rg5 18. Bxc2 Qxc2 19. Kf2 Qxe4 20. d3
Rf5+ 21. Bf4 Qxd3 22. g4 Rxf4+ 23. Ke1 Qe3+ 24. Kd1 Rf2 25. Re1 Rd2+ 26. Kc1
Qxe1# 0-1

[Event "SK Nordhorn-Blanke-Schachzwerge Magd."]
[Site "?"]
[Date "2020.09.11"]
[Round "4.1"]
[White "Zeuner, Ole"]
[Black "Brunner, Sophia"]
[Result "1-0"]
[WhiteElo "1854"]
[BlackElo "1859"]
[PlyCount "67"]
[EventDate "2020.??.??"]
[WhiteTeam "Schachzwerge Magd."]
[BlackTeam "SK Nordhorn-Blanke"]

1. e4 d5 2. exd5 Qxd5 3. Nc3 Qa5 4. d4 Nf6 5. Nf3 Bg4 6. h3 Bh5 7. g4 Bg6 8.
Ne5 c6 9. Bd2 Qb6 10. Bc1 Nbd7 11. Nc4 Qd8 12. Bg2 e6 13. Bg5 h6 14. Bh4 Be7
15. Qd2 b5 16. Bxf6 gxf6 17. Ne3 Rc8 18. O-O-O Qa5 19. Kb1 Nb6 20. f4 Bb4 21.
f5 Na4 22. a3 Bxc3 23. bxc3 Nxc3+ 24. Kb2 Nxd1+ 25. Qxd1 b4 26. Nc4 bxa3+ 27.
Ka2 Qb4 28. Qd3 Bh7 29. Rb1 Qe7 30. Rb7 Qd8 31. Qxa3 c5 32. Qa4+ Kf8 33. Rd7
Qe8 34. Nd6 1-0

[Event "SK Nordhorn-Blanke-Schachzwerge Magd."]
[Site "?"]
[Date "2020.09.11"]
[Round "4.2"]
[White "ter Stal, Lars"]
[Black "Stockmann, Till"]
[Result "0-1"]
[WhiteElo "1798"]
[BlackElo "1981"]
[PlyCount "64"]
[EventDate "2020.??.??"]
[WhiteTeam "SK Nordhorn-Blanke"]
[BlackTeam "Schachzwerge Magd."]

1. e4 c5 2. Nf3 e6 3. d3 d5 4. Nbd2 Nc6 5. g3 Nf6 6. Bg2 Bd6 7. O-O O-O 8. Re1
e5 9. exd5 Nxd5 10. Nc4 Re8 11. Nxd6 Qxd6 12. d4 Bg4 13. dxe5 Nxe5 14. Bf4 Bxf3
15. Bxf3 Nxf3+ 16. Qxf3 Nxf4 17. Qxf4 Qxf4 18. gxf4 Kf8 19. Re5 Rxe5 20. fxe5
Rd8 21. b3 Rd2 22. c4 Ke7 23. Kg2 Ke6 24. Kf3 Kxe5 25. Re1+ Kd6 26. a4 Rd3+ 27.
Re3 Rxe3+ 28. fxe3 Ke5 29. a5 a6 30. h4 h5 31. e4 f5 32. exf5 Kxf5 0-1

[Event "SK Nordhorn-Blanke-Schachzwerge Magd."]
[Site "?"]
[Date "2020.09.11"]
[Round "4.3"]
[White "Morgenstern, Tobias"]
[Black "Rudi, Jonathan"]
[Result "1/2-1/2"]
[WhiteElo "1922"]
[BlackElo "1692"]
[PlyCount "69"]
[EventDate "2020.??.??"]
[WhiteTeam "Schachzwerge Magd."]
[BlackTeam "SK Nordhorn-Blanke"]

1. e4 c5 2. Nf3 Nc6 3. d4 cxd4 4. Nxd4 Nf6 5. Nc3 e5 6. Ndb5 d6 7. Bg5 a6 8.
Na3 b5 9. Nd5 Be7 10. Bxf6 Bxf6 11. c3 O-O 12. Nc2 Bg5 13. Nce3 Be6 14. a4 bxa4
15. Rxa4 a5 16. Bc4 Rb8 17. b3 Kh8 18. Qd3 g6 19. O-O f5 20. f4 exf4 21. Nxf4
Bxc4 22. Nxc4 fxe4 23. Qxe4 Bxf4 24. Rxf4 Rxf4 25. Qxf4 Qe7 26. Ra1 Rxb3 27.
Qf3 Ne5 28. Nxe5 dxe5 29. Qa8+ Kg7 30. Qxa5 h5 31. c4 Rb2 32. Qc3 Qc5+ 33. Kh1
Rb4 34. Rc1 Ra4 35. h3 1/2-1/2

[Event "SK Nordhorn-Blanke-Schachzwerge Magd."]
[Site "?"]
[Date "2020.09.11"]
[Round "4.4"]
[White "Meijerink, Inken"]
[Black "Heutling, Elina"]
[Result "0-1"]
[WhiteElo "1698"]
[BlackElo "1904"]
[PlyCount "70"]
[EventDate "2020.??.??"]
[WhiteTeam "SK Nordhorn-Blanke"]
[BlackTeam "Schachzwerge Magd."]

1. e4 c5 2. Nf3 d6 3. d4 cxd4 4. Nxd4 Nf6 5. Nc3 a6 6. Be2 e5 7. Nb3 Be6 8. Be3
Be7 9. O-O Nbd7 10. f4 Qc7 11. Nd2 exf4 12. Bxf4 Qb6+ 13. Kh1 Qxb2 14. Na4 Qa3
15. c4 Nc5 16. Nb6 Rd8 17. Bf3 O-O 18. Re1 Nd3 19. Be3 Nxe1 20. Qxe1 Nd7 21.
Nxd7 Rxd7 22. Qe2 Bf6 23. Rd1 Qxa2 24. Bg4 Bxg4 25. Qxg4 Qc2 26. Rf1 Qc3 27.
Qxd7 Qxe3 28. Nf3 Qxe4 29. Qxd6 Qxc4 30. Re1 h6 31. Qd7 b5 32. h3 b4 33. Qb7 b3
34. Re4 Qc1+ 35. Re1 b2 0-1

[Event "Weisse Dame HH-Mattnetz Berlin"]
[Site "?"]
[Date "2020.09.11"]
[Round "4.1"]
[White "Bui, Bao Anh Le"]
[Black "Popist, Florian"]
[Result "1/2-1/2"]
[WhiteElo "2053"]
[BlackElo "2017"]
[PlyCount "43"]
[EventDate "2020.??.??"]
[WhiteTeam "Mattnetz Berlin"]
[BlackTeam "Weisse Dame HH"]

1. e4 c5 2. Nf3 Nc6 3. d4 cxd4 4. Nxd4 g6 5. c4 Nf6 6. Nc3 d6 7. Be2 Nxd4 8.
Qxd4 Bg7 9. Be3 O-O 10. Qd2 a5 11. O-O a4 12. f3 Qa5 13. Rab1 Be6 14. Rfc1 Rfc8
15. b3 axb3 16. axb3 Qb4 17. Qc2 Nd7 18. Nb5 Ne5 19. f4 Nc6 20. Bd3 Bd7 21. Qf2
Nd8 22. Bd2 1/2-1/2

[Event "Weisse Dame HH-Mattnetz Berlin"]
[Site "?"]
[Date "2020.09.11"]
[Round "4.2"]
[White "Türk, Janusch"]
[Black "Schnabel, Luise"]
[Result "0-1"]
[WhiteElo "1536"]
[BlackElo "1932"]
[PlyCount "70"]
[EventDate "2020.??.??"]
[WhiteTeam "Weisse Dame HH"]
[BlackTeam "Mattnetz Berlin"]

1. e4 Nf6 2. Nc3 d5 3. e5 Ne4 4. Nce2 f6 5. d3 Ng5 6. Bxg5 fxg5 7. d4 Bf5 8.
Qd2 e6 9. Nf3 g4 10. Nfg1 c5 11. O-O-O Nc6 12. a3 Qb6 13. Ng3 Nxd4 14. Bd3 Bxd3
15. Qxd3 O-O-O 16. N1e2 Nxe2+ 17. Qxe2 h5 18. h4 g6 19. Qd3 Bh6+ 20. Kb1 Bf4
21. Rhe1 Rhg8 22. Ka1 c4 23. Qd4 Qxd4 24. Rxd4 Bxg3 25. fxg3 Rgf8 26. Rf4 Rf5
27. c3 Kc7 28. Kb1 Kc6 29. Kc2 Kc5 30. Re2 d4 31. cxd4+ Rxd4 32. Ree4 Rxf4 33.
Rxf4 Rxf4 34. gxf4 Kd4 35. Kd2 Ke4 0-1

[Event "Weisse Dame HH-Mattnetz Berlin"]
[Site "?"]
[Date "2020.09.11"]
[Round "4.3"]
[White "Ho, Ngoc Hai-Dang"]
[Black "Worthmann González, Luka"]
[Result "1/2-1/2"]
[WhiteElo "1855"]
[BlackElo "1173"]
[PlyCount "72"]
[EventDate "2020.??.??"]
[WhiteTeam "Mattnetz Berlin"]
[BlackTeam "Weisse Dame HH"]

1. e4 e5 2. Nf3 Nc6 3. Bc4 Bc5 4. c3 Nf6 5. d3 d6 6. h3 Bb6 7. Bb3 Ne7 8. Nbd2
c6 9. Nf1 Ng6 10. Ng3 O-O 11. O-O h6 12. Nh2 Be6 13. Ng4 Nxg4 14. hxg4 Qd7 15.
Nf5 Bxf5 16. gxf5 Nf4 17. Bxf4 exf4 18. Qf3 Bc7 19. Qxf4 d5 20. Qf3 Qd6 21. g3
dxe4 22. Qxe4 Bb6 23. Kg2 Rad8 24. d4 Rfe8 25. Qf3 Re7 26. Rfe1 Rde8 27. Kf1
Qf6 28. Qd3 Kf8 29. Rxe7 Rxe7 30. Re1 Bc7 31. Rxe7 Qxe7 32. Bc2 Qf6 33. Kg2 Bb6
34. Qe4 Qe7 35. Qxe7+ Kxe7 36. Kf3 Kf6 1/2-1/2

[Event "Weisse Dame HH-Mattnetz Berlin"]
[Site "?"]
[Date "2020.09.11"]
[Round "4.4"]
[White "Yakhnin, Georgy"]
[Black "Franz, Franz Theodor"]
[Result "1/2-1/2"]
[WhiteElo "1036"]
[BlackElo "1587"]
[PlyCount "62"]
[EventDate "2020.??.??"]
[WhiteTeam "Weisse Dame HH"]
[BlackTeam "Mattnetz Berlin"]

1. e4 e5 2. Nf3 Nc6 3. Bb5 a6 4. Ba4 Nf6 5. O-O b5 6. Bb3 Bc5 7. c3 O-O 8. d4
exd4 9. cxd4 Bb6 10. e5 Ne8 11. Bg5 Ne7 12. Nc3 d6 13. Nd5 f6 14. Nxb6+ Kh8 15.
Nxa8 fxg5 16. Nxg5 d5 17. Ne6 Bxe6 18. a4 bxa4 19. Rxa4 Qxa8 20. Qd3 a5 21. Bc2
Bf5 22. Qf3 Kg8 23. Bxf5 Nxf5 24. Qc3 c6 25. Rxa5 Qb7 26. b4 Nc7 27. Rc1 Ne7
28. Qc5 Nb5 29. g3 Rf3 30. Rca1 Nc8 31. Rc1 Ne7 1/2-1/2

[Event "Lübecker SV-Königsspringer SC 1984"]
[Site "?"]
[Date "2020.09.11"]
[Round "4.1"]
[White "Summers, Jan"]
[Black "Bornholdt, Joa Max"]
[Result "0-1"]
[WhiteElo "1664"]
[BlackElo "1914"]
[PlyCount "58"]
[EventDate "2020.??.??"]
[WhiteTeam "Königsspringer SC 1984"]
[BlackTeam "Lübecker SV"]

1. e4 c5 2. Nf3 Nc6 3. d4 cxd4 4. Nxd4 Nf6 5. Nc3 g6 6. Be3 Bg7 7. Be2 O-O 8.
O-O d6 9. f3 a6 10. Qd2 Nxd4 11. Bxd4 b5 12. a3 Bb7 13. Rad1 Qc7 14. Kh1 Rfc8
15. Rf2 Bc6 16. Bf1 Qb7 17. g3 a5 18. Na2 Rc7 19. c3 Rd8 20. Bg2 e5 21. Be3 d5
22. Qc2 Re8 23. exd5 Nxd5 24. Re2 b4 25. axb4 axb4 26. cxb4 Bb5 27. Rxd5 Rxc2
28. Rxb5 Qxb5 29. Rxc2 Qd3 0-1

[Event "Lübecker SV-Königsspringer SC 1984"]
[Site "?"]
[Date "2020.09.11"]
[Round "4.2"]
[White "Sickmann, Lisa"]
[Black "Kipke, Mark"]
[Result "0-1"]
[WhiteElo "1603"]
[BlackElo "1674"]
[PlyCount "66"]
[EventDate "2020.??.??"]
[WhiteTeam "Lübecker SV"]
[BlackTeam "Königsspringer SC 1984"]

1. e4 c5 2. Nf3 Nc6 3. d4 cxd4 4. Nxd4 g6 5. c4 Bg7 6. Be3 Nf6 7. Nc3 Ng4 8.
Qxg4 Nxd4 9. Qd1 Ne6 10. Rc1 Qa5 11. Qb3 O-O 12. Be2 b6 13. O-O Bb7 14. f3 Rac8
15. a3 f5 16. exf5 Rxf5 17. Rfd1 Bc6 18. Nd5 Kf7 19. g4 Re5 20. f4 Ba4 21. Qd3
Bxd1 22. Rxd1 Rxe3 23. Nxe3 Bxb2 24. Nc2 Qc5+ 25. Kh1 Rd8 26. f5 gxf5 27. gxf5
Nf4 28. Qf3 Nxe2 29. Qxe2 Qc6+ 30. Kg1 Rg8+ 31. Kf1 Qh1+ 32. Kf2 Qxh2+ 33. Kf3
Rg3+ 0-1

[Event "Lübecker SV-Königsspringer SC 1984"]
[Site "?"]
[Date "2020.09.11"]
[Round "4.3"]
[White "Busch, Jannis"]
[Black "Poetzsch-Heffter, Frieder"]
[Result "1/2-1/2"]
[WhiteElo "1611"]
[BlackElo "1501"]
[PlyCount "101"]
[EventDate "2020.??.??"]
[WhiteTeam "Königsspringer SC 1984"]
[BlackTeam "Lübecker SV"]

1. e4 e5 2. Nf3 Nc6 3. Bb5 a6 4. Ba4 Bc5 5. O-O Nf6 6. Re1 b5 7. Bb3 O-O 8. c3
d6 9. d4 Bb6 10. h3 Bb7 11. Bg5 Qd7 12. dxe5 Nxe5 13. Nxe5 dxe5 14. Qxd7 Nxd7
15. Nd2 Nc5 16. Bc2 Ne6 17. Be3 Bxe3 18. Rxe3 Rad8 19. Rd1 Nf4 20. Kh2 Rd6 21.
g3 Ne6 22. Nf1 Rxd1 23. Bxd1 Rd8 24. Bc2 f6 25. b4 Kf7 26. Re2 Ke7 27. Rd2 c5
28. Rxd8 Kxd8 29. Ne3 cxb4 30. cxb4 g6 31. Nd5 Bxd5 32. exd5 Nd4 33. Bb1 Kd7
34. g4 Kd6 35. Be4 f5 36. gxf5 gxf5 37. Bb1 Kxd5 38. a3 e4 39. Ba2+ Ke5 40. Bb1
Kf4 41. Kg2 h5 42. Ba2 h4 43. Bd5 e3 44. fxe3+ Kxe3 45. Kf1 f4 46. Bb7 Nc2 47.
Bxa6 Nxa3 48. Bb7 f3 49. Bc6 f2 50. Bd7 Kf3 51. Bc6+ 1/2-1/2

[Event "Lübecker SV-Königsspringer SC 1984"]
[Site "?"]
[Date "2020.09.11"]
[Round "4.4"]
[White "Monakhov, Boris"]
[Black "Peters, Malte"]
[Result "0-1"]
[WhiteElo "1359"]
[BlackElo "1387"]
[PlyCount "64"]
[EventDate "2020.??.??"]
[WhiteTeam "Lübecker SV"]
[BlackTeam "Königsspringer SC 1984"]

1. e4 c5 2. Nf3 Nc6 3. Bb5 g6 4. Bxc6 dxc6 5. Nc3 Bg7 6. O-O Nf6 7. d4 cxd4 8.
Nxd4 O-O 9. Be3 Qc7 10. Qd2 Rd8 11. Rad1 Nxe4 12. Nxe4 Bf5 13. Ng3 e5 14. Ngxf5
gxf5 15. Qc3 exd4 16. Bxd4 Qd7 17. Bxg7 Qxd1 18. Bf6 Rd7 19. Re1 Qg4 20. h3 Qg6
21. Qe5 Qh6 22. Qg3+ Kf8 23. Bg7+ Qxg7 24. Qa3+ Kg8 25. Re3 f4 26. Re4 Qf6 27.
Qf3 Rd4 28. Re1 Rad8 29. Kh2 Qh4 30. Re2 Rd2 31. g3 fxg3+ 32. fxg3 Qd4 0-1

[Event "Turm Lüneburg-SG Jasmund"]
[Site "?"]
[Date "2020.09.11"]
[Round "4.1"]
[White "Johlke, Lukas"]
[Black "Wusterack, Paul"]
[Result "0-1"]
[WhiteElo "1732"]
[BlackElo "1599"]
[PlyCount "44"]
[EventDate "2020.??.??"]
[WhiteTeam "SG Jasmund"]
[BlackTeam "Turm Lüneburg"]

1. e4 d5 2. exd5 Nf6 3. d4 Nxd5 4. c4 Nb4 5. Qa4+ N8c6 6. d5 b5 7. cxb5 Nd4 8.
Na3 e5 9. Bd2 Nxd5 10. Rc1 Qh4 11. Qd1 Qe4+ 12. Ne2 Nb4 13. Rc3 Nd3+ 14. Rxd3
Qxd3 15. Ng3 Qg6 16. Bc3 Bxa3 17. Bxd4 Bb4+ 18. Bc3 Bxc3+ 19. bxc3 Bb7 20. f3
Rd8 21. Qc1 O-O 22. Bc4 h5 0-1

[Event "Turm Lüneburg-SG Jasmund"]
[Site "?"]
[Date "2020.09.11"]
[Round "4.2"]
[White "Rick, Niklas Corvin"]
[Black "Johlke, Lorenz"]
[Result "0-1"]
[WhiteElo "1521"]
[BlackElo "1643"]
[PlyCount "50"]
[EventDate "2020.??.??"]
[WhiteTeam "Turm Lüneburg"]
[BlackTeam "SG Jasmund"]

1. d4 Nf6 2. c4 e5 3. d5 c6 4. Nc3 Bb4 5. Bd2 Bxc3 6. Bxc3 d6 7. Nf3 O-O 8. e3
c5 9. Qc2 a6 10. Be2 Bg4 11. a4 Qc8 12. h3 Bf5 13. Qc1 Qd8 14. Nh4 Bd7 15. Nf3
Ne4 16. Bd3 f5 17. Bxe4 fxe4 18. Nd2 Qg5 19. g4 Qh4 20. Nxe4 Bxg4 21. Qd2 Bf3
22. Rg1 Bxe4 23. Rg4 Qxh3 24. Rg1 Qh2 25. O-O-O Rxf2 0-1

[Event "Turm Lüneburg-SG Jasmund"]
[Site "?"]
[Date "2020.09.11"]
[Round "4.3"]
[White "Wellßow, Keoki"]
[Black "Ziller, Anton"]
[Result "0-1"]
[WhiteElo "1578"]
[BlackElo "1542"]
[PlyCount "48"]
[EventDate "2020.??.??"]
[WhiteTeam "SG Jasmund"]
[BlackTeam "Turm Lüneburg"]

1. g3 d5 2. Bg2 c6 3. Nf3 Nf6 4. O-O Bf5 5. d3 e6 6. c4 Bd6 7. Nc3 O-O 8. Re1
Nbd7 9. Bg5 h6 10. Bxf6 Qxf6 11. e4 Bg4 12. cxd5 Ne5 13. d4 Nxf3+ 14. Bxf3 Qxf3
15. Qxf3 Bxf3 16. e5 Bb4 17. d6 c5 18. dxc5 Bxc5 19. Ne4 Bb6 20. Nd2 Bd5 21.
Kf1 f6 22. f4 fxe5 23. Rxe5 Rad8 24. Ne4 Bd4 0-1

[Event "Turm Lüneburg-SG Jasmund"]
[Site "?"]
[Date "2020.09.11"]
[Round "4.4"]
[White "Hahn, Sebastian"]
[Black "Asmussen, Johann"]
[Result "1-0"]
[WhiteElo "1180"]
[BlackElo "1262"]
[PlyCount "63"]
[EventDate "2020.??.??"]
[WhiteTeam "Turm Lüneburg"]
[BlackTeam "SG Jasmund"]

1. d4 d5 2. c4 c6 3. Nc3 Nf6 4. Nf3 Bg4 5. Bg5 Nbd7 6. e3 e6 7. Be2 Bb4 8. O-O
O-O 9. c5 Qc7 10. Bf4 Bxf3 11. Bxc7 Bxc3 12. bxc3 Bxe2 13. Qxe2 Ne4 14. c4 dxc4
15. f3 Nc3 16. Qc2 Nd5 17. Bf4 Rfe8 18. Rfe1 e5 19. Bxe5 Nxe5 20. dxe5 Rxe5 21.
e4 Nb4 22. Qxc4 Na6 23. Red1 Rxc5 24. Qd4 h6 25. Rab1 b6 26. Rdc1 Rc8 27. Rxc5
Nxc5 28. Rd1 Ne6 29. Qa4 a5 30. Rd6 Nc5 31. Qd1 Kf8 32. Rd8+ 1-0